Logros y avances en la lucha contra ESC en los países de la región
Saved in:
| Format: | Text |
|---|---|
| Subjects: | |
| Tags: |
Add Tag
No Tags, Be the first to tag this record!
|
MARC
| LEADER | 00000 a a2200000 04500 | ||
|---|---|---|---|
| 001 | 2196 | ||
| 003 | |||
| 040 | |||
| 245 | |a Logros y avances en la lucha contra ESC en los países de la región | ||
| 650 | |a EXPLOTACION SEXUAL COMERCIAL | ||
| 650 | |a ABUSO DE MENORES | ||
| 650 | |a LEGISLACION | ||
| 650 | |a SALUD | ||
| 650 | |a GENERO | ||
| 650 | |a CENTROAMERICA | ||
| 773 | |g número 5; páginas 51-53 | ||
| 999 | |c 31857 |d 31857 | ||
